[Event "Slovenian chT 2019"]
[Site "Slovenia"]
[Date "2019.12.20"]
[Round "7"]
[White "Muha, Miljenko"]
[Black "Mazi, Leon"]
[Result "0-1"]
[WhiteElo "2313"]
[BlackElo "2326"]
[Annotator "NA"]
[PlyCount "132"]
[EventDate "2019.??.??"]
[EventCountry "SLO"]
[SourceTitle "playchess.com"]
[Source "ChessBase"]
[SourceQuality "1"]
[TimeControl "40/5400+30:1800+30"]

1. e4 c5 2. Nf3 Nc6 3. d4 cxd4 4. Nxd4 Nf6 5. Nc3 e5 6. Ndb5 d6 7. Bg5 a6 8. Na3 b5 9. Nd5 Be7 10. Bxf6 Bxf6 11. c3 Bb7 12. Nc2 Nb8 13. a4 bxa4 14. Rxa4 Nd7 15. Bc4 O-O 16. O-O Nc5 17. Rb4 a5 18. Nxf6+ Qxf6 19. Rb6 Bxe4 20. Ne3 Rfd8 21. f3 Qg5 22. Bxf7+ Kh8 23. Re1 Bg6 24. Bxg6 Qxg6 25. Nc4 Nd3 26. Re2 Rab8 27. Rxb8 Rxb8 28. Rd2 Nf4 29. Nxe5 Qf5 30. Rxd6 h6 31. Nd3 Nxd3 32. Qxd3 Qxd3 33. Rxd3 Rxb2 34. Rd8+ Kh7 35. Ra8 Rc2 36. Rxa5 Rxc3 37. Kf2 Rc6 38. g4 Kg6 39. h4 Rb6 40. Kg3 Kf6 41. Rf5+ Ke6 42. h5 Rb1 43. Ra5 Kf6 44. Ra6+ Kf7 45. Rd6 Ke7 46. Rc6 Kf7 47. Kf4 Rb4+ 48. Ke5 Rb5+ 49. Ke4 Rb4+ 50. Ke5 Rb5+ 51. Kd4 Rb1 52. Rc5 Kf6 53. Rf5+ Ke6 54. Ke4 Rb4+ 55. Ke3 Rb3+ 56. Kf4 Rb4+ 57. Kg3 Rb3 58. Ra5 Kf6 59. Ra6+ Kf7 60. g5 hxg5 61. Kg4 Rb4+ 62. Kxg5 Rb5+ 63. Kg4 Rb4+ 64. f4 Rb5 65. Rg6 Ra5 66. Rg5 Ra1 0-1

[Event "Slovenian chT 2019"]
[Site "Slovenia"]
[Date "2019.12.20"]
[Round "7"]
[White "Bratkovic, Jakob"]
[Black "Suta, Andraz"]
[Result "0-1"]
[WhiteElo "2308"]
[BlackElo "2242"]
[Annotator "NA"]
[PlyCount "110"]
[EventDate "2019.??.??"]
[EventCountry "SLO"]
[SourceTitle "playchess.com"]
[Source "ChessBase"]
[SourceQuality "1"]
[TimeControl "40/5400+30:1800+30"]

1. e4 e5 2. Nf3 Nc6 3. Bc4 Bc5 4. d3 Nf6 5. Nbd2 O-O 6. O-O a6 7. Bb3 d6 8. c3 Ba7 9. h3 Be6 10. Bc2 Ne7 11. Re1 Ng6 12. Nf1 h6 13. Ng3 c6 14. d4 Qc7 15. Be3 Rad8 16. Qc1 Rfe8 17. Kh1 Bc8 18. dxe5 Bxe3 19. exd6 Rxd6 20. Qxe3 Rde6 21. Nd4 R6e7 22. Ndf5 Re5 23. Qf3 Nh7 24. h4 Ne7 25. Ne3 Nf6 26. Red1 Ng6 27. h5 Nf8 28. Kg1 N8h7 29. Qf4 Qe7 30. Nc4 Rg5 31. Nd6 Rg4 32. Qf3 Ng5 33. Qe2 Rxg3 34. Nxc8 Qc5 35. b4 Nh3+ 36. Kh2 Rxg2+ 37. Kxg2 Nf4+ 38. Kf1 Qg5 39. Ne7+ Rxe7 40. Rd8+ Kh7 41. e5+ g6 42. hxg6+ fxg6 43. Qf3 Ng4 44. Qg3 Nh5 45. Qd3 Nh2+ 46. Ke1 Nf4 47. Qe4 Rxe5 48. Rd7+ Kh8 49. Rd8+ Kg7 50. Rd7+ Kf8 51. Kd2 Rxe4 52. Bxe4 Qg4 53. Rd4 Qe2+ 54. Kc1 Nf3 55. Bxf3 Nd3+ 0-1

[Event "Slovenian chT 2019"]
[Site "Slovenia"]
[Date "2019.12.20"]
[Round "7"]
[White "Riegler, Primoz"]
[Black "Pavasovic, Dusko"]
[Result "1/2-1/2"]
[WhiteElo "2304"]
[BlackElo "2546"]
[Annotator "TA"]
[PlyCount "64"]
[EventDate "2019.??.??"]
[EventCountry "SLO"]
[SourceTitle "playchess.com"]
[Source "ChessBase"]
[SourceQuality "1"]

{[%evp 10,64,34,20,86,96,117,118,102,120,110,111,106,106,137,129,139,132,150,129,141,154,191,109,135,104,104,98,118,60,58,59,59,55,61,61,54,45,39,0,0,0,0,0,0,0,0,0,45,45,45,45,49,26,37,0,0]} 1. e4 e5 2. Nf3 Nc6 3. Nc3 Nf6 4. Be2 d6 5. d4 exd4 6. Nxd4 g6 {C47: Scotch Four Knights and Four Knights with 4 g3} (6... Be7 $11 {keeps the balance.}) 7. Bg5 $16 {Strongly threatening Nxc6.} Bg7 8. Nxc6 bxc6 {White is better.} 9. e5 $1 dxe5 10. Qxd8+ Kxd8 11. O-O-O+ Ke7 12. Bf3 {[%mdl 1024] White has strong compensation.} Bb7 13. Rhe1 Ke6 {[#]} 14. Ne2 $146 {Black must now prevent Nd4+.} ({Predecessor:} 14. Bxf6 Bxf6 {1-0 (32) Grischuk,A (2783)-Ivanchuk,V (2731) Beijing 2013}) 14... Kf5 15. h4 {Threatening mate with Nd4+!} h6 {[#]} 16. Bd2 ({And not} 16. g4+ Nxg4 17. Ng3+ Ke6 $11) (16. Ng3+ $1 $18 Ke6 17. Bxf6 Bxf6 18. Bg4+ Ke7 19. Rd7+ {[%mdl 64] Double Attack} Kf8 20. Rxc7) 16... h5 17. Ng3+ Ke6 18. Be2 Rhd8 19. Bc4+ ({White should play} 19. f4 $16) 19... Nd5 $14 20. Ne4 {Threatens to win with Nc5+.} Ke7 21. f4 Kf8 ({Don't blunder} 21... Nxf4 $2 22. Bxf4 Rxd1+ 23. Kxd1 $18) 22. fxe5 Bc8 23. Bg5 Re8 $1 24. Bxd5 (24. Nf6 {looks sharper.} Bxf6 25. Bxf6 Nxf6 26. exf6 Bf5 27. Kd2) 24... cxd5 25. Nf6 Bxf6 $1 26. exf6 {Bh6+ is the strong threat.} Bg4 27. Rxe8+ Rxe8 $11 {KRB-KRB} 28. Rd4 Re4 29. Rxe4 dxe4 30. Kd2 Ke8 31. Ke3 Bd1 32. Kxe4 Bxc2+ {Accuracy: White = 73%, Black = 68%.} 1/2-1/2

[Event "Slovenian chT 2019"]
[Site "Slovenia"]
[Date "2019.12.21"]
[Round "7"]
[White "Skuhala, Jernej"]
[Black "Supancic, Darko"]
[Result "1-0"]
[WhiteElo "2281"]
[BlackElo "2288"]
[Annotator "TA"]
[PlyCount "79"]
[EventDate "2019.??.??"]
[EventCountry "SLO"]
[SourceTitle "playchess.com"]
[Source "ChessBase"]
[SourceQuality "1"]

{[%evp 21,79,17,59,31,40,0,0,0,0,0,22,0,0,0,68,34,56,0,101,91,103,68,112,76,247,242,450,450,461,455,506,496,480,472,454,383,419,395,397,407,419,401,420,412,433,425,410,394,579,581,705,699,1056,1128,1160,1181,29982,29983,29983,29984]} 1. e4 c5 2. Nf3 Nc6 3. d4 cxd4 4. Nxd4 g6 5. Nc3 Bg7 6. Be3 Nf6 7. Bc4 Qa5 8. O-O O-O 9. Nb3 Qc7 10. f4 d6 11. Be2 a5 12. a4 {B35: Sicilian: Accelerated Dragon with 5 Nc3: main line} Be6 (12... Nb4 13. Nd4 Bd7 14. Ndb5 Bxb5 15. Bxb5 Rad8 16. Bd3 Qc6 17. Bb5 Qc7 18. Be2 Qc6 19. Bf3 d5 {½-½ (62) Negi,P (2642)-Guseinov,G (2625) Ningbo 2011}) 13. Nd5 Bxd5 $1 14. exd5 {The position is equal.} Nb4 {[%mdl 64] [#] Double Attack} 15. c4 Nd7 $146 ({Predecessor:} 15... e6 16. dxe6 fxe6 17. Nd4 Qe7 18. Nb5 d5 19. Qb3 Ne4 {½-½ (46) Helbich,J-Lorincz,Z ICCF corr 1980}) 16. Bd4 Bxd4+ 17. Nxd4 Rae8 (17... Qb6 $11) 18. Kh1 Qb6 19. Ra3 (19. f5 $1 $14) 19... Na6 (19... e5 $11 {remains equal.} 20. dxe6 fxe6) 20. Rb3 $16 Qc7 21. Rh3 Nac5 22. Qe1 {[#] And now Qh4 would win.} Nf6 $2 (22... f5 $16 {was necessary.}) 23. Qh4 $18 {Strongly threatening g4.} Kh8 $2 (23... Qb6 24. g4 Qxb2) 24. g4 Nce4 25. g5 Qb6 26. gxf6 Nxf6 27. Nb5 Rg8 28. Qf2 Qd8 29. Nc3 Rg7 30. Re3 Reg8 31. Ne4 Nd7 32. Rh3 Qc7 33. Qd4 f6 34. Rff3 g5 (34... Rf8 $142 35. Re3 Qb6) 35. fxg5 Ne5 36. Rfg3 f5 37. g6 {Hoping for Ng5.} fxe4 38. gxh7 Rxh7 39. Rxh7+ Kxh7 40. Qxe4+ {Accuracy: White = 56%, Black = 24%.} 1-0

[Event "Slovenian chT 2019"]
[Site "Slovenia"]
[Date "2019.12.20"]
[Round "7"]
[White "Skuhala, Jernej"]
[Black "Supancic, Darko"]
[Result "*"]
[WhiteElo "2281"]
[BlackElo "2288"]
[Annotator "NA"]
[PlyCount "55"]
[EventDate "2019.??.??"]
[EventCountry "SLO"]
[SourceTitle "playchess.com"]
[Source "ChessBase"]
[SourceQuality "1"]
[TimeControl "40/5400+30:1800+30"]

1. d4 Nf6 2. c4 g6 3. Nc3 Bg7 4. e4 O-O 5. Nf3 d6 6. Be2 e5 7. Be3 exd4 8. Nxd4 Re8 9. f3 c6 10. Bf2 Nbd7 11. O-O a6 12. Qd2 Ne5 13. Rfd1 Qe7 14. Na4 Bf8 15. Nb6 Rb8 16. Rac1 Be6 17. Nxe6 Qxe6 18. Bf1 Rbd8 19. b4 Nh5 20. c5 dxc5 21. Qxd8 Rxd8 22. Rxd8 Kg7 23. bxc5 Be7 24. Rdd1 Nf4 25. Nc4 Nd7 26. Nd6 b5 27. Bg3 Bg5 28. Rc2 *

[Event "Slovenian chT 2019"]
[Site "Slovenia"]
[Date "2019.12.20"]
[Round "7"]
[White "Markun, Bostjan"]
[Black "Stajner, Samo"]
[Result "1-0"]
[WhiteElo "2260"]
[BlackElo "2380"]
[Annotator "NA"]
[PlyCount "71"]
[EventDate "2019.??.??"]
[EventCountry "SLO"]
[SourceTitle "playchess.com"]
[Source "ChessBase"]
[SourceQuality "1"]
[TimeControl "40/5400+30:1800+30"]

1. e4 c6 2. d4 d5 3. Nc3 dxe4 4. Nxe4 Nd7 5. Nf3 Ndf6 6. Nxf6+ Nxf6 7. Bc4 Bf5 8. Qe2 e6 9. Bg5 h6 10. Bxf6 gxf6 11. O-O-O Qa5 12. d5 b5 13. dxe6 bxc4 14. Qxc4 fxe6 15. Qxc6+ Kf7 16. Qxa8 Qc7 17. Nd4 Bc5 18. Qxh8 Bxd4 19. Rd2 Qc5 20. Qb8 Bxf2 21. Rxf2 Qxf2 22. Qc7+ Kg6 23. Qg3+ Qxg3 24. hxg3 Be4 25. Kd2 Bxg2 26. Rh4 f5 27. Ke3 e5 28. Ra4 h5 29. Ra5 Kf6 30. Rxa7 h4 31. gxh4 f4+ 32. Kf2 Bh1 33. h5 Kg5 34. Ra5 Kf6 35. h6 Be4 36. Ra7 1-0

[Event "Slovenian chT 2019"]
[Site "Slovenia"]
[Date "2019.12.20"]
[Round "7"]
[White "Gombac, Jan"]
[Black "Zvan, Ziga"]
[Result "1-0"]
[WhiteElo "2246"]
[BlackElo "2249"]
[Annotator "NA"]
[PlyCount "51"]
[EventDate "2019.??.??"]
[EventCountry "SLO"]
[SourceTitle "playchess.com"]
[Source "ChessBase"]
[SourceQuality "1"]
[TimeControl "40/5400+30:1800+30"]

1. Nf3 Nf6 2. c4 e6 3. d4 Bb4+ 4. Nbd2 O-O 5. a3 Bxd2+ 6. Qxd2 b6 7. e3 Bb7 8. Be2 d6 9. O-O Nbd7 10. b4 Ne4 11. Qc2 f5 12. d5 exd5 13. Nd4 Qe7 14. cxd5 Bxd5 15. f3 Ng5 16. Nxf5 Qe5 17. e4 Nxe4 18. fxe4 Bxe4 19. Qb3+ d5 20. Bb2 Qe6 21. Nxg7 Qg6 22. Qh3 c5 23. Ne6 Rxf1+ 24. Rxf1 d4 25. Bh5 Bxg2 26. Qxg2 1-0

[Event "Slovenian chT 2019"]
[Site "Slovenia"]
[Date "2019.12.20"]
[Round "7"]
[White "Zupancic, Jernej"]
[Black "Rozic, Samo"]
[Result "1-0"]
[WhiteElo "2240"]
[BlackElo "2205"]
[Annotator "NA"]
[PlyCount "93"]
[EventDate "2019.??.??"]
[EventCountry "SLO"]
[SourceTitle "playchess.com"]
[Source "ChessBase"]
[SourceQuality "1"]
[TimeControl "40/5400+30:1800+30"]

1. c4 f5 2. Nc3 Nf6 3. g3 e5 4. Bg2 Nc6 5. d3 Bb4 6. Bd2 O-O 7. Nd5 Bxd2+ 8. Qxd2 d6 9. e3 Be6 10. Ne2 Qd7 11. O-O Rae8 12. Rac1 Kh8 13. b4 Nd8 14. Qb2 Nh5 15. f4 c6 16. Ndc3 Nf6 17. Nd1 Bf7 18. Nf2 exf4 19. exf4 Re7 20. Nd4 c5 21. Nf3 b6 22. bxc5 bxc5 23. Nh4 Rfe8 24. Qc3 Bh5 25. Rb1 Re2 26. a3 Qe6 27. h3 Re3 28. Kh2 Be2 29. Rg1 Nh5 30. Bd5 Qd7 31. Rb8 Nc6 32. Rxe8+ Rxe8 33. Nxf5 Nf6 34. g4 h5 35. Bxc6 Qxc6 36. Nxg7 Rf8 37. Nxh5 Qf3 38. Ne4 Bf1 39. Rg3 Qe2+ 40. Kg1 Qd1 41. Nhxf6 Bxd3+ 42. Kh2 Bxe4 43. Nxe4+ Kg8 44. Qd3 Qe1 45. Re3 Qh4 46. Ng3 Rxf4 47. Qg6+ 1-0

[Event "Slovenian chT 2019"]
[Site "Slovenia"]
[Date "2019.12.20"]
[Round "7"]
[White "Zupe, Miran"]
[Black "Cigan, Stefan"]
[Result "1/2-1/2"]
[WhiteElo "2236"]
[BlackElo "2318"]
[Annotator "NA"]
[PlyCount "62"]
[EventDate "2019.??.??"]
[EventCountry "SLO"]
[SourceTitle "playchess.com"]
[Source "ChessBase"]
[SourceQuality "1"]
[TimeControl "40/5400+30:1800+30"]

1. d4 d5 2. Nf3 Nf6 3. Bf4 Bf5 4. e3 e6 5. Bd3 Bxd3 6. Qxd3 c6 7. O-O Bd6 8. Bxd6 Qxd6 9. Nbd2 Nbd7 10. e4 dxe4 11. Nxe4 Nxe4 12. Qxe4 O-O 13. h3 Rad8 14. Rfe1 Qd5 15. Qxd5 exd5 16. Re7 Rfe8 17. Rae1 Kf8 18. Rxe8+ Rxe8 19. Rxe8+ Kxe8 20. Kf1 Ke7 21. Ke2 f6 22. Ke3 Ke6 23. Ne1 h5 24. Nd3 Kf5 25. g3 g5 26. f3 Kg6 27. b3 Kf5 28. g4+ hxg4 29. hxg4+ Ke6 30. c3 Kd6 31. a4 a5 1/2-1/2

[Event "Slovenian chT 2019"]
[Site "Slovenia"]
[Date "2019.12.20"]
[Round "7"]
[White "Zirkelbach, Maj"]
[Black "Jelen, Igor"]
[Result "1/2-1/2"]
[WhiteElo "2221"]
[BlackElo "2350"]
[Annotator "RC"]
[PlyCount "114"]
[EventDate "2019.??.??"]
[EventCountry "SLO"]
[SourceTitle "playchess.com"]
[Source "ChessBase"]
[SourceQuality "1"]
[TimeControl "40/5400+30:1800+30"]

1. d4 Nf6 2. c4 g6 3. Nc3 d5 4. cxd5 Nxd5 5. e4 Nxc3 6. bxc3 Bg7 7. Bc4 c5 8. Ne2 Nc6 9. Be3 O-O 10. O-O Qc7 11. Rc1 Rd8 12. Qe1 a6 13. f4 e6 14. dxc5 Bd7 15. Qf2 Rac8 16. Nd4 Na5 17. Be2 Be8 18. f5 e5 19. Nc2 Bf8 20. f6 Bxc5 21. Kh1 Bxe3 22. Nxe3 Qc5 23. Qg3 Bd7 24. Nd5 Nc6 25. Qh4 Be6 26. Bg4 Bxg4 27. Qxg4 Qf8 28. Qh4 Re8 29. Rf3 h6 30. Rh3 Kh7 31. Rb1 Nd8 32. Ne7 Rc4 33. Re1 Ne6 34. Qg3 Nf4 35. Rh4 Nh5 36. Rxh5 gxh5 37. Qxe5 Rd8 38. Qxh5 Rxc3 39. g4 Rd2 40. g5 Rcc2 41. g6+ fxg6 42. Qxg6+ Kh8 43. e5 Rxh2+ 44. Kg1 Rcg2+ 45. Qxg2 Rxg2+ 46. Kxg2 Qf7 47. Re3 Qxa2+ 48. Kg3 Qe6 49. Ng6+ Kg8 50. Nf4 Qf5 51. e6 Kf8 52. e7+ Ke8 53. Ne6 Qg6+ 54. Kh3 Qh5+ 55. Kg2 Qg6+ 56. Kh2 Qh5+ 57. Kg1 Qg6+ 1/2-1/2

[Event "Slovenian chT 2019"]
[Site "Slovenia"]
[Date "2019.12.20"]
[Round "7"]
[White "Titan, Matej"]
[Black "Vombek, Dani"]
[Result "1/2-1/2"]
[WhiteElo "2219"]
[BlackElo "2283"]
[Annotator "NA"]
[PlyCount "77"]
[EventDate "2019.??.??"]
[EventCountry "SLO"]
[SourceTitle "playchess.com"]
[Source "ChessBase"]
[SourceQuality "1"]
[TimeControl "40/5400+30:1800+30"]

1. d4 Nf6 2. c4 g6 3. Nc3 Bg7 4. e4 O-O 5. Nf3 d6 6. Be2 e5 7. Be3 exd4 8. Nxd4 Re8 9. f3 c6 10. Bf2 Nbd7 11. O-O a6 12. Qd2 Ne5 13. Rfd1 Qe7 14. Na4 Bf8 15. Nb6 Rb8 16. Rac1 Be6 17. Nxe6 Qxe6 18. Bf1 Rbd8 19. b4 Nh5 20. c5 dxc5 21. Qxd8 Rxd8 22. Rxd8 Kg7 23. bxc5 Be7 24. Rdd1 Nf4 25. Nc4 Nd7 26. Nd6 b5 27. Bg3 Bg5 28. Rc2 Ne5 29. Bf2 h5 30. Nb7 Qc8 31. Nd6 Qe6 32. Nb7 Qc8 33. Bd4 Bf6 34. Nd6 Qe6 35. Bf2 h4 36. h3 Be7 37. Be3 Bg5 38. Bf2 Bf6 39. Be3 1/2-1/2

[Event "Slovenian chT 2019"]
[Site "Slovenia"]
[Date "2019.12.20"]
[Round "7"]
[White "Polajzer, Danilo"]
[Black "Subelj, Jan"]
[Result "0-1"]
[WhiteElo "2207"]
[BlackElo "2402"]
[Annotator "NA"]
[PlyCount "46"]
[EventDate "2019.??.??"]
[EventCountry "SLO"]
[SourceTitle "playchess.com"]
[Source "ChessBase"]
[SourceQuality "1"]
[TimeControl "40/5400+30:1800+30"]

1. d4 Nf6 2. c4 e6 3. g3 d5 4. Bg2 dxc4 5. Qa4+ Nbd7 6. Nf3 a6 7. Qxc4 c5 8. dxc5 Bxc5 9. b4 b5 10. Qb3 Bd6 11. Nd4 Qc7 12. Nc3 Rb8 13. O-O Bb7 14. Bxb7 Qxb7 15. Rd1 Be5 16. Nxe6 fxe6 17. Qxe6+ Kf8 18. Rxd7 Nxd7 19. Bg5 Re8 20. Qf5+ Nf6 21. Bxf6 Bxf6 22. Rd1 Qc8 23. Rd7 Re7 0-1

[Event "Slovenian chT 2019"]
[Site "Slovenia"]
[Date "2019.12.20"]
[Round "7"]
[White "Serdt, Simon"]
[Black "Kaps, Darja"]
[Result "1/2-1/2"]
[WhiteElo "2178"]
[BlackElo "2145"]
[Annotator "NA"]
[PlyCount "60"]
[EventDate "2019.??.??"]
[EventCountry "SLO"]
[SourceTitle "playchess.com"]
[Source "ChessBase"]
[SourceQuality "1"]
[TimeControl "40/5400+30:1800+30"]

1. d4 Nf6 2. Nf3 e6 3. Bg5 c5 4. e3 Nc6 5. c3 h6 6. Bh4 b6 7. Nbd2 Be7 8. Bd3 Bb7 9. O-O O-O 10. Qe2 Rc8 11. Rad1 d5 12. Ne5 Nxe5 13. dxe5 Nd7 14. Bxe7 Qxe7 15. f4 f5 16. exf6 Nxf6 17. e4 c4 18. Bb1 Qc5+ 19. Kh1 dxe4 20. Nxe4 Nxe4 21. Bxe4 Bxe4 22. Qxe4 Qc6 23. Qxc6 Rxc6 24. g3 Rf5 25. Kg2 Ra5 26. a3 Rd5 27. Rxd5 exd5 28. Re1 Kf7 29. Kf3 Rc5 30. Re2 Rc6 1/2-1/2

[Event "Slovenian chT 2019"]
[Site "Slovenia"]
[Date "2019.12.20"]
[Round "7"]
[White "Murko, David"]
[Black "Mikhalchishin, Adrian"]
[Result "0-1"]
[WhiteElo "2170"]
[BlackElo "2467"]
[Annotator "ChessBase"]
[PlyCount "72"]
[EventDate "2019.??.??"]
[EventCountry "SLO"]
[SourceTitle "playchess.com"]
[Source "ChessBase"]
[SourceQuality "1"]
[TimeControl "40/5400+30:1800+30"]

1. e4 e5 2. Nf3 Nc6 3. Bc4 Nf6 4. d3 Be7 5. O-O O-O 6. Re1 d6 7. a4 Kh8 8. c3 Ng8 9. d4 Bg4 10. d5 Nb8 11. Bd3 c6 12. c4 a5 13. Nbd2 Na6 14. h3 Bd7 15. Nf1 Nb4 16. Bb1 cxd5 17. cxd5 b5 18. axb5 Bxb5 19. Ne3 g6 20. Ra3 Nf6 21. Bd2 Nd7 22. Bc3 Qb6 23. Qd2 Ba6 24. Ng4 f6 25. Nh4 Rg8 26. Nh6 Rg7 27. g3 Nc5 28. Ng2 Rb8 29. h4 a4 30. h5 Nbd3 31. Bxd3 Bxd3 32. Ba5 Qb5 33. b4 axb3 34. f3 b2 35. Bc7 Rc8 36. Rxd3 b1=Q 0-1

[Event "Slovenian chT 2019"]
[Site "Slovenia"]
[Date "2019.12.20"]
[Round "7"]
[White "Srebrnic, Ana"]
[Black "Breznik, Kristijan"]
[Result "1/2-1/2"]
[WhiteElo "2165"]
[BlackElo "2180"]
[Annotator "NA"]
[PlyCount "22"]
[EventDate "2019.??.??"]
[EventCountry "SLO"]
[SourceTitle "playchess.com"]
[Source "ChessBase"]
[SourceQuality "1"]
[TimeControl "40/5400+30:1800+30"]

1. Nf3 Nf6 2. c4 g6 3. Nc3 Bg7 4. e4 d6 5. d4 O-O 6. Be2 e5 7. O-O Na6 8. Be3 Ng4 9. Bc1 Nf6 10. Be3 Ng4 11. Bc1 Nf6 1/2-1/2

[Event "Slovenian chT 2019"]
[Site "Slovenia"]
[Date "2019.12.20"]
[Round "7"]
[White "Janzelj, Lara"]
[Black "Kastelic, Marian"]
[Result "1-0"]
[WhiteElo "2158"]
[BlackElo "2248"]
[Annotator "NA"]
[PlyCount "65"]
[EventDate "2019.??.??"]
[EventCountry "SLO"]
[SourceTitle "playchess.com"]
[Source "ChessBase"]
[SourceQuality "1"]
[TimeControl "40/5400+30:1800+30"]

1. d4 Nf6 2. c4 e6 3. g3 d5 4. Bg2 c6 5. b3 Bb4+ 6. Bd2 Be7 7. Nf3 Ne4 8. O-O Nxd2 9. Nbxd2 O-O 10. e4 dxe4 11. Nxe4 f5 12. Nc3 c5 13. Rc1 Nc6 14. d5 exd5 15. cxd5 Na5 16. Na4 b6 17. Re1 Bd6 18. Nb2 f4 19. Ne5 fxg3 20. hxg3 Bxe5 21. Rxe5 Rxf2 22. Qe1 Rf8 23. Re7 Qd6 24. b4 Qf6 25. Nd1 Nb7 26. Nf2 Rb8 27. Rc4 Bf5 28. Rf4 Qd6 29. Qe3 cxb4 30. g4 Bg6 31. Rxf8+ Kxf8 32. Re6 Qc5 33. Qf4+ 1-0

[Event "Slovenian chT 2019"]
[Site "Slovenia"]
[Date "2019.12.20"]
[Round "7"]
[White "Rozman, Monika"]
[Black "Pozun, Matej"]
[Result "0-1"]
[WhiteElo "2136"]
[BlackElo "2099"]
[Annotator "NA"]
[PlyCount "90"]
[EventDate "2019.??.??"]
[EventCountry "SLO"]
[SourceTitle "playchess.com"]
[Source "ChessBase"]
[SourceQuality "1"]
[TimeControl "40/5400+30:1800+30"]

1. Nf3 d5 2. c4 dxc4 3. e3 Nf6 4. Bxc4 e6 5. b3 c5 6. Bb2 Nc6 7. a3 a6 8. Qc2 b5 9. Be2 Bb7 10. Nc3 Rc8 11. Rc1 Be7 12. Qb1 Na5 13. Bd1 O-O 14. Bc2 Qd6 15. Ne2 Rfd8 16. Rd1 h6 17. h4 c4 18. b4 Nb3 19. Be5 Qd7 20. d3 Bxf3 21. gxf3 Qd5 22. Bc3 Qxf3 23. Rg1 Ne8 24. Rg3 Qh1+ 25. Rg1 Qxh4 26. Bxb3 cxb3 27. Qxb3 Bf6 28. Bd4 Bxd4 29. Nxd4 Rc7 30. Nf3 Qf6 31. Rg3 Qc3+ 32. Qxc3 Rxc3 33. Ra1 Rdxd3 34. a4 bxa4 35. Rxa4 Ra3 36. Rxa3 Rxa3 37. Rg4 Nf6 38. Rc4 Nd5 39. Ne5 f6 40. Nc6 Kf7 41. e4 Nf4 42. Na5 g5 43. Rc7+ Kg6 44. Ra7 Nd3+ 45. Kd2 Nxb4 0-1

[Event "Slovenian chT 2019"]
[Site "Slovenia"]
[Date "2019.12.20"]
[Round "7"]
[White "Kuhar, Larisa"]
[Black "Slibar, Matjaz"]
[Result "1-0"]
[WhiteElo "2081"]
[BlackElo "2188"]
[Annotator "TA"]
[PlyCount "107"]
[EventDate "2019.??.??"]
[EventCountry "SLO"]
[SourceTitle "playchess.com"]
[Source "ChessBase"]
[SourceQuality "1"]

{[%evp 16,107,44,37,38,54,97,97,73,66,48,35,34,33,29,14,14,1,22,0,13,16,44,33,78,0,0,0,18,-12,-15,-62,0,0,27,27,29,-28,56,34,99,110,122,109,119,39,126,0,0,0,0,0,43,0,47,43,96,66,84,88,91,108,108,94,143,150,157,127,245,150,154,160,611,611,608,611,611,595,597,572,927,937,839,874,785,745,1006,985,1008,1008,1985,1942,1673,1760]} 1. d4 Nf6 2. c4 e6 3. Nf3 d5 4. Nc3 Nbd7 5. Bg5 c6 6. cxd5 exd5 7. e3 Bd6 8. Bd3 Nf8 9. Ne5 Qe7 {D35: Queen's Gambit Declined: Exchange Variation} 10. f4 h6 (10... Ne6 11. Bh4 g5 12. fxg5 Bxe5 13. dxe5 Nd7 14. O-O Nxe5 15. Rf6 Bd7 16. Bf5 Ng7 17. e4 Bxf5 18. exf5 {½-½ (46) Sakaev,K (2668)-Dreev,A (2694) Khanty-Mansiysk 2005}) 11. Bh4 g5 {White is better.} 12. Bg3 h5 13. h3 $146 ({Predecessor:} 13. O-O h4 14. Bf2 h3 15. g3 Rg8 16. fxg5 Rxg5 17. e4 dxe4 18. Nxe4 Nxe4 19. Bxe4 Bxe5 20. dxe5 Rxe5 {0-1 (36) Pavlovic,M (2336)-Vojinovic,G (2474) Dimitrovgrad 2003}) 13... h4 14. Bh2 Rg8 15. fxg5 Rxg5 16. Qf3 {With the idea 0-0.} Be6 17. Bf4 Rg8 18. O-O N6d7 19. Nxd7 Nxd7 20. Ne2 ({White should play} 20. Qf2 $1 $16) 20... O-O-O 21. Rac1 Nb6 (21... Rg7 {is more complex.} 22. Bh6 Rgg8 23. Bf4) 22. b3 Bxf4 23. exf4 Kb8 (23... f5 $15) 24. f5 $11 Bd7 25. Qf4+ Ka8 26. f6 (26. Kh1 $142) 26... Qb4 (26... Qa3 $1 $11) 27. Kh2 Rde8 (27... Bc8 $14) 28. Ng1 $1 $16 Nc8 29. Nf3 Nd6 30. Nxh4 (30. Rce1 $16) 30... Ne4 (30... Re6 $1 $14) 31. Nf3 ({Better is} 31. Rce1 $16) 31... Re6 $1 $11 {[%cal Re6f6]} 32. Qc7 Nxf6 33. Rce1 Rxe1 34. Rxe1 (34. Nxe1 $5 {[%cal Rf1f6]} Qxd4 35. Qf4 $11) 34... Be6 35. Qf4 Ne8 ({Black should try} 35... Qe7 $14) 36. Bh7 Rh8 37. Bf5 Bxf5 38. Qxf5 {[%cal Rf5c8]} Nd6 {[#]} 39. Qf6 $1 $40 {[%cal Rf6h8][%mdl 128] White goes for the king.} Rg8 {[#]} 40. Re7 $1 {[%cal Re7d7] Threatens to win with Rd7.} a6 41. Rd7 Rg6 (41... Ne4 $16 42. Qxf7 Rb8) 42. Qd8+ Ka7 43. Qc7 ({And not} 43. Ne5 Rxg2+ 44. Kxg2 Qd2+ 45. Kh1 Qd1+ 46. Kg2 Qd2+ 47. Kg3 Ne4+ 48. Kg4 Qg2+ 49. Kf5 Qxh3+ 50. Kf4 Qh2+ 51. Kg4 Qg3+ 52. Kf5 Qf2+ 53. Kg4 Nf6+ 54. Kh3 Nxd7 $11) 43... Nf5 $2 (43... Qb6 $16) 44. Qf4 $18 {White is clearly winning.} Nd6 {[#]} 45. Ne5 $1 {[%mdl 512] White threatens Nxc6+ and mate.} Ne4 46. Nxg6 fxg6 {[%mdl 4096] Endgame KQR-KQN} 47. Qc7 Ng5 {Now ...Nf3+ and Black clings on.} 48. h4 Ne6 49. Qxc6 Nxd4 50. Qxd5 Nf5 51. g3 Qb6 52. Kh3 Qb4 {[#]} 53. a3 $1 Qb6 (53... Qxa3 54. Qxb7#) 54. b4 {Accuracy: White = 72%, Black = 35%.} 1-0

[Event "Slovenian chT 2019"]
[Site "Slovenia"]
[Date "2019.12.20"]
[Round "7"]
[White "Rozic, Adrijan"]
[Black "Zupancic, Urban"]
[Result "1/2-1/2"]
[WhiteElo "2048"]
[BlackElo "1993"]
[Annotator "NA"]
[PlyCount "84"]
[EventDate "2019.??.??"]
[EventCountry "SLO"]
[SourceTitle "playchess.com"]
[Source "ChessBase"]
[SourceQuality "1"]
[TimeControl "40/5400+30:1800+30"]

1. d4 d5 2. Nf3 Nf6 3. c3 Nbd7 4. Nbd2 b6 5. e3 Bb7 6. Bd3 e6 7. Ne5 a6 8. O-O Be7 9. Nxd7 Qxd7 10. Qe2 O-O 11. f3 c5 12. Kh1 Rfd8 13. b3 Qc7 14. Bb2 e5 15. Rae1 Bd6 16. dxe5 Bxe5 17. f4 Bd6 18. c4 d4 19. exd4 Bxf4 20. d5 Re8 21. Qf2 Rxe1 22. Rxe1 Re8 23. Bxf6 Rxe1+ 24. Qxe1 gxf6 25. Qe8+ Kg7 26. Nf3 Bc8 27. Qe4 Bg4 28. Qxh7+ Kf8 29. Qe4 Bxf3 30. Qxf3 Bxh2 31. Qxf6 Bg3 32. Bf5 Qe5 33. Qxe5 Bxe5 34. g4 Ke7 35. Kg2 f6 36. Kf3 Kd6 37. Ke4 a5 38. Be6 Bb2 39. Kf5 Ke7 40. Bc8 Bc3 41. Ba6 Bb2 42. Bb5 Bc3 1/2-1/2